Normal view
MARC view
- Cartas
Entry Materia
001 - NÚMERO DE CONTROL DEL REGISTRO
- campo de control: 7614
003 - IDENTIFICADOR DE NUMERO DE CONTROL
- campo de control: UPN
005 - FECHA Y HORA DE LA ÚLTIMA TRANSACCIÓN
- campo de control: 20220904183002.0
008 - DATOS DE LONGITUD FIJA
- campo de control de longitud fija: 220904nn acannaabn n ana d
035 ## - NÚMERO DE CONTROL DEL SISTEMA
- Número de control del sistema: UPN10000007619
040 ## - FUENTE DE LA CATALOGACIÓN
- Lengua de catalogación: SPA
- Agencia de transcripción: UPN
- Centro catalogador de origen: UPN
046 ## - FECHAS CON CODIFICACIÓN ESPECIAL
- Fecha final para contenidos agregados: 2022
150 ## - ENCABEZAMIENTO - TEMÁTICO
- Término de materia o nombre geográfico como elemento inicial: Cartas
670 ## - FUENTE EN LA QUE SE LOCALIZARON DATOS
- Cita de la fuente: E
680 ## - NOTA GENERAL CON DESPLIEGUE PÚBLICO
- Texto explicativo: Usase para colecciones de cartas literarias. Las cartas de artistas, autores, músicos, médicos, etc. se asientan en esos encabezamientos con la subdivisión
- Encabezamiento: CORRESPONDENCIA, MEMORIAS, ETC.
902 ## - CATALOGADOR
- Catalogador: MITM/190600
